[Event "Olympiad Women 2024"]
[Site "Budapest HUN"]
[Date "2024.09.21"]
[Round "10.56"]
[Board "1"]
[White "Bouzana, Christina"]
[Black "Ravelomanana, Sabine"]
[Result "1/2-1/2"]
[WhiteElo "1644"]
[BlackElo "1926"]
[PlyCount "123"]
[EventDate "2024.09.11"]
[WhiteTeam "Cyprus"]
[BlackTeam "Madagascar"]
[WhiteTeamCountry "CYP"]
[BlackTeamCountry "MAD"]

1. d4 Nf6 2. c4 e6 3. Nc3 d5 4. cxd5 exd5 5. Bg5 Be7 6. e3 c6 7. Bd3 O-O 8. Qc2 Nbd7 9. Nf3 Re8 10. O-O Nf8 11. h3 g6 12. a3 ({RR} 12. Bf4 Ne6 13. Bh2 Ng7 14. Qb3 Qb6 15. Nd2 Bf5 16. Be2 h5 17. Rfc1 Ne6 18. a3 h4 19. Na4 Qxb3 20. Nxb3 a5 21. Nd2 Nd7 22. Nf3 g5 23. Ne5 Nxe5 24. Bxe5 Nf8 25. Nb6 Ra7 26. Bh2 Bd8 {½-½ Wang,H (2722)-Naiditsch,A (2721) Douglas IoM op 2018 (5)}) 12... Ne6 13. Bh4 ({RR} 13. Bh6 Ng7 14. Ne5 Bf5 15. b4 Bxd3 16. Qxd3 Nf5 17. Bg5 Nd6 18. b5 Rc8 19. bxc6 bxc6 20. Rfc1 Nd7 21. Bxe7 Qxe7 22. Nxd7 Qxd7 23. Na4 Ne4 24. Nc5 Nxc5 25. Rxc5 Qb7 26. Rac1 Rc7 27. Qc3 Rec8 {1-0 Arabidze,M (2457)-Anandh,V (2073) Titled Tue 23rd Jul Early 2024 (5)}) 13... Ng7 14. Na4 $146 ({RR} 14. Bg3 Bf5 15. b4 a6 16. Rfb1 Bxd3 17. Qxd3 Nf5 18. Bh2 Bf8 19. Ne5 Nd7 20. Nxd7 Qxd7 21. Na4 Qe7 22. Nb6 Rad8 23. a4 Nd6 24. b5 axb5 25. axb5 Nxb5 26. Rxb5 cxb5 27. Qxb5 Qb4 28. Qxb4 Bxb4 {1-0 Reed Valenzuela,E-Ader Hausman,W Vina del Mar 1945 (3)}) ({RR} 14. b4 Be6 15. b5 c5 16. dxc5 Bxc5 17. Ne2 Rc8 18. Qb2 Be7 19. Rfc1 Ne4 20. Rxc8 Bxc8 21. Bxe7 Qxe7 22. Qd4 Nc5 23. Rd1 Bf5 24. Bxf5 Nxf5 25. Qc3 Ne4 26. Qb3 Nc5 27. Qxd5 Nxe3 28. fxe3 Qxe3+ {½-½ Tomasevic,T (2045)-Botsari,A (2075) Balkaniad (Women) 20th 1988 (5.2)}) ({RR} 14. b4 a6 15. Bxf6 Bxf6 16. a4 Bf5 17. b5 axb5 18. axb5 Qd6 19. bxc6 bxc6 20. Bxf5 Nxf5 21. Na4 Rec8 22. Rfc1 Ng7 23. Rab1 Ra6 24. Nb6 Rc7 25. Na4 Rc8 26. Nc5 Raa8 27. Rb7 Rc7 28. Rxc7 Qxc7 {1-0 Narayanan,S (2320)-Akshat,C (2087) New Delhi Parsvnath op 10th 2012 (9)}) 14... Bf5 15. Bxf5 Nxf5 16. Bxf6 Bxf6 17. b4 Nd6 18. Rfe1 Bg7 19. Nc5 f5 20. a4 a6 21. Nd3 Rc8 22. Nfe5 Re7 23. Rac1 g5 24. f4 Bf6 25. Qe2 Qe8 26. Nc5 Rg7 27. Kh2 Rcc7 28. g4 Rce7 29. gxf5 Nxf5 30. Qg4 Nd6 31. Rg1 h6 32. Ncd3 gxf4 33. Qxf4 Bg5 34. Qf3 Ne4 35. Rc2 Qb8 36. Kh1 Qd6 37. Rcg2 Qf6 38. Nf4 Bxf4 39. exf4 Qf5 40. Kh2 Kh7 41. Rxg7+ Rxg7 42. Rxg7+ Kxg7 43. Qg4+ Qxg4 44. hxg4 Nc3 45. a5 Ne2 46. f5 Nxd4 47. Kg3 Nc2 48. Nd3 Kf6 49. Kh4 d4 50. Kh5 Ne3 51. Nf2 Nxf5 52. gxf5 Kxf5 53. Kxh6 Ke5 54. Kg5 Kd5 55. Kf4 Kc4 56. Ke4 Kxb4 57. Kxd4 c5+ 58. Kd3 Kxa5 59. Kc4 b5+ 60. Kxc5 Ka4 61. Nd3 a5 62. Nb2+ 1/2-1/2

[Event "Olympiad Women 2024"]
[Site "Budapest HUN"]
[Date "2024.09.21"]
[Round "10.56"]
[Board "2"]
[White "Raharimanana, Faratiana"]
[Black "Sokolova, Larisa"]
[Result "0-1"]
[WhiteElo "1815"]
[BlackElo "1705"]
[PlyCount "112"]
[EventDate "2024.09.11"]
[WhiteTeam "Madagascar"]
[BlackTeam "Cyprus"]
[WhiteTeamCountry "MAD"]
[BlackTeamCountry "CYP"]

1. d4 d5 2. Nf3 Nf6 3. g3 c5 4. c3 cxd4 5. cxd4 Nc6 6. Bg2 Bf5 7. O-O e6 8. a3 Bd6 9. Nc3 ({RR} 9. b4 O-O 10. Bb2 h6 11. Nc3 Qe7 12. Nh4 Bh7 13. f4 a5 14. b5 Nxd4 15. Nxd5 Nxe2+ 16. Qxe2 exd5 17. Qxe7 Bxe7 18. Rad1 Rad8 19. f5 Ne4 20. Rf3 Bc5+ 21. Kf1 Rfe8 22. Bd4 b6 23. Rfd3 Bxd4 {1-0 Pham Bich Ngoc (2199)-Beulen,M (2359) Titled Tue 25th Jun Late 2024 (9)}) 9... a6 10. Bg5 h6 11. Bxf6 $146 ({RR} 11. Bd2 O-O 12. b4 Ne4 13. Rc1 Rc8 14. Na4 b6 15. e3 Nxd2 16. Qxd2 a5 17. b5 Na7 18. Rxc8 Nxc8 19. Qb2 Qe7 20. Ra1 Be4 21. Ne5 Bxe5 22. dxe5 Bxg2 23. Kxg2 f6 24. exf6 Qxf6 25. Qxf6 Rxf6 {1-0 Urbanc,P (1925)-Chu,X Wch U12 Kemer 2009 (7)}) 11... Qxf6 12. Rc1 O-O 13. b4 Qe7 14. Na4 a5 15. b5 Na7 16. b6 Nb5 17. e3 Nxa3 18. Qb3 Nc4 19. Rfd1 Ba3 20. Rc3 Bb4 21. Rcc1 f6 22. h3 Rfc8 23. Bf1 Qd7 24. Nc5 Bxc5 25. dxc5 Qc6 26. g4 Be4 27. Nd4 Qxc5 28. f3 Bxf3 29. Nxf3 a4 30. Qc3 Qxb6 31. Rb1 Qxe3+ 32. Qxe3 Nxe3 33. Re1 Nxf1 34. Kxf1 e5 35. Rxb7 a3 36. Ra1 Rc2 37. Rb3 a2 38. Ne1 Rd2 39. Nf3 Rc2 40. Ne1 Rc4 41. Ke2 Kf7 42. Kd3 Kg6 43. Nc2 Rf4 44. Ke3 Raa4 45. Ke2 h5 46. gxh5+ Kxh5 47. Ne1 Rae4+ 48. Kd2 Rf2+ 49. Kd3 Rf1 50. Rxa2 Rfxe1 51. Rab2 Rd4+ 52. Kc3 Re3+ 53. Kc2 Rxb3 54. Rxb3 f5 55. Rg3 g5 56. Re3 e4 0-1

[Event "Olympiad Women 2024"]
[Site "Budapest HUN"]
[Date "2024.09.21"]
[Round "10.56"]
[Board "3"]
[White "Paunescu, Aida"]
[Black "Randriatsiferana, Dimbiharentsoa Christiana"]
[Result "1-0"]
[WhiteElo "1603"]
[BlackElo "1736"]
[PlyCount "111"]
[EventDate "2024.09.11"]
[WhiteTeam "Cyprus"]
[BlackTeam "Madagascar"]
[WhiteTeamCountry "CYP"]
[BlackTeamCountry "MAD"]

1. d4 Nf6 2. c4 d6 3. Nc3 g6 4. e4 Bg7 5. f3 Nc6 6. Be3 Nd7 7. Qd2 e5 8. d5 Ncb8 $146 ({RR} 8... Nd4 9. Nge2 Qh4+ 10. Bf2 Qf6 11. Nxd4 exd4 12. Nb5 O-O 13. Nxc7 Rb8 14. Nb5 a6 15. Nxd4 Ne5 16. Be2 h5 17. O-O h4 18. h3 Kh7 19. f4 Nd7 20. Rae1 Nc5 21. Bd1 Re8 22. Bc2 Bd7 23. b4 {0-1 Pesotskiy,M (2137)-Wafa,H (2392) Titled Tue 19th Mar Late 2024 (3)}) 9. Nge2 a5 10. a4 Nf6 11. g4 Na6 12. Nc1 Nd7 13. Nd3 b6 14. h4 Nf8 15. Be2 f5 16. gxf5 gxf5 17. O-O-O f4 18. Bf2 Bd7 19. Rdg1 Qe7 20. Bf1 O-O-O 21. Bh3 Kb7 22. h5 Be8 23. h6 Bxh6 24. Bh4 Qxh4 25. Bc8+ Rxc8 26. Rxh4 Nd7 27. Rxh6 Ndc5 28. Nxc5+ Nxc5 29. Qc2 Na6 30. Kb1 Nb4 31. Qd2 Bg6 32. Na2 Na6 33. b3 Rhd8 34. Kb2 Nc5 35. Nc3 Na6 36. Ne2 Rf8 37. Nc1 Rf7 38. Nd3 Ra8 39. Ne1 Nc5 40. Qe2 Raf8 41. Rf1 Ka7 42. Ng2 Bxe4 43. Ne1 Bg6 44. Qg2 Bf5 45. Rh5 Bg6 46. Rg5 Rf6 47. Rh1 e4 48. Qh2 exf3 49. Nxf3 Re8 50. Nd4 Re4 51. Rd1 f3 52. Rxg6 Rxg6 53. Qxh7 Rg2+ 54. Ka3 Re3 55. Qxc7+ Ka8 56. Qc8+ 1-0

[Event "Olympiad Women 2024"]
[Site "Budapest HUN"]
[Date "2024.09.21"]
[Round "10.56"]
[Board "4"]
[White "Tsinjoviniavo, Aina Mahasambatra"]
[Black "Sokolova, Victoria"]
[Result "1/2-1/2"]
[WhiteElo "1662"]
[BlackElo "1682"]
[PlyCount "128"]
[EventDate "2024.09.11"]
[WhiteTeam "Madagascar"]
[BlackTeam "Cyprus"]
[WhiteTeamCountry "MAD"]
[BlackTeamCountry "CYP"]

1. e4 c6 2. d4 d5 3. e5 c5 4. c3 cxd4 5. cxd4 Nc6 6. Nc3 Bf5 7. Bb5 ({RR} 7. Nf3 e6 8. Bd3 Bxd3 9. Qxd3 Nge7 10. O-O Nf5 11. a3 Be7 12. g4 Nh4 13. Nxh4 Bxh4 14. Be3 O-O 15. f4 Rc8 16. Rf3 f5 17. g5 h6 18. Kh1 hxg5 19. fxg5 Bxg5 20. Rg1 Bxe3 21. Qxe3 Qh4 {0-1 Martinez Reyes,P (2384)-Msellek,I (2406) Titled Tue 21st Feb Late 2023 (4)}) 7... a6 $146 ({RR} 7... e6 8. Nge2 Nge7 9. O-O h5 10. Bg5 Qb6 11. Qb3 O-O-O 12. Na4 Qc7 13. Rac1 a6 14. Bxc6 Nxc6 15. Nb6+ Kb8 16. Bxd8 Qxd8 17. Na4 Na5 18. Qc3 f6 19. Nc5 fxe5 20. dxe5 Nc4 21. b4 Bxc5 22. bxc5 {0-1 Mujahid,B (1418)-Prasad,R (1566) Olympiad-44 Chennai 2022 (6.3)}) ({RR} 7... e6 8. Nge2 Nge7 9. O-O Ng6 10. Ng3 Nh4 11. Qa4 Qb6 12. Bg5 Be7 13. Bxh4 Bxh4 14. Nxf5 exf5 15. Nxd5 Qd8 16. Bxc6+ bxc6 17. Qxc6+ Kf8 18. Rac1 g6 19. e6 Kg7 20. Qb7 Qf8 21. Rc7 Kh6 22. Rxf7 {0-1 Vasquez Toledo,C (2303)-Bashirli,S (1950) Titled Tue 9th Jul Early 2024 (3)}) ({RR} 7... e6 8. Nf3 a6 9. Bxc6+ bxc6 10. Qa4 Qb6 11. O-O Ne7 12. h3 h6 13. a3 g5 14. Re1 g4 15. hxg4 Bxg4 16. Nh2 Rg8 17. Nxg4 Rxg4 18. Be3 Nf5 19. f3 Rg6 20. Bf2 Be7 21. Ne2 Bg5 22. Rad1 {0-1 Osmanbegovic,A (1985)-Musovic,A (2282) BIH-chT1A 28th 2021 (4.2)}) ({RR} 7... e6 8. Nge2 Bb4 9. O-O Nge7 10. Bg5 h6 11. Bxe7 Bxe7 12. Bxc6+ bxc6 13. Na4 O-O 14. Rc1 Rc8 15. Nc5 f6 16. Nf4 Bxc5 17. Rxc5 fxe5 18. dxe5 Qg5 19. Qc1 Be4 20. g3 Qxe5 21. Re1 Qf6 22. Rxc6 {0-1 Rius Marse,J (1904)-Cervello Tost,F (2289) XXIII Foment Martinenc Op 2023 (1.2)}) 8. Ba4 e6 9. Nge2 Bb4 10. O-O Nge7 11. a3 Bxc3 12. Nxc3 O-O 13. Be3 Na5 14. Bc2 Rc8 15. Bxf5 Nxf5 16. g4 Nxe3 17. fxe3 Nc4 18. Qe2 Qg5 19. Rf4 f6 20. exf6 Rxf6 21. Rxf6 gxf6 22. Re1 Nxa3 23. e4 Nb5 24. Nxb5 axb5 25. exd5 Qxd5 26. Qxe6+ Qxe6 27. Rxe6 Rd8 28. Re4 Kf7 29. Kf2 Rc8 30. Re2 Rd8 31. Rd2 Ke6 32. Ke3 Kd5 33. Kd3 Re8 34. Rf2 Re1 35. Rf5+ Ke6 36. Rxb5 Rd1+ 37. Kc3 Rc1+ 38. Kb3 Rg1 39. h3 Rg3+ 40. Kc4 Rxh3 41. Rb6+ Kd7 42. Rxb7+ Kd6 43. Rb6+ Ke7 44. Kd5 h5 45. Rb7+ Kf8 46. gxh5 Rxh5+ 47. Ke6 Rh2 48. Kxf6 Rf2+ 49. Ke6 Re2+ 50. Kd6 Rh2 51. b4 Rh6+ 52. Kc5 Ke8 53. d5 Kd8 54. d6 Rh1 55. b5 Rc1+ 56. Kb6 Rd1 57. d7 Rd6+ 58. Ka7 Rd1 59. b6 Ra1+ 60. Kb8 Ra6 61. Ra7 Rxb6+ 62. Ka8 Rd6 63. Rb7 Rxd7 64. Rxd7+ Kxd7 1/2-1/2

[Event "Olympiad Women 2024"]
[Site "Budapest HUN"]
[Date "2024.09.21"]
[Round "10.57"]
[Board "1"]
[White "Boitumelo Sethabathaba"]
[Black "Lopez L., Dairyn D."]
[Result "0-1"]
[WhiteElo "1571"]
[BlackElo "1740"]
[PlyCount "122"]
[EventDate "2024.09.11"]
[WhiteTeam "Lesotho"]
[BlackTeam "Guatemala"]
[WhiteTeamCountry "LES"]
[BlackTeamCountry "GUA"]

1. d4 d6 2. Bf4 g6 3. e3 Bg7 4. Nf3 Nf6 5. h3 Nbd7 6. Be2 O-O 7. O-O c5 8. c3 a6 9. a4 Re8 ({RR} 9... b6 10. Nfd2 Bb7 11. Bf3 Qc7 12. Bxb7 Qxb7 13. Bg5 b5 14. Qf3 d5 15. Bxf6 Bxf6 16. axb5 axb5 17. Na3 b4 18. Nac4 cxd4 19. exd4 Qb5 20. Rxa8 Rxa8 21. Ne3 Nb6 22. Qd1 e6 23. Qb3 Qa4 24. Rb1 {0-1 Mrkonjic,N (2396)-Hulak,K (2543) CRO Cup 17th 2008 (3)}) ({RR} 9... b6 10. Na3 Bb7 11. Bh2 Qc7 12. Qb3 Bc6 13. Rfd1 Qb7 14. Nc4 Bd5 15. dxc5 Nxc5 16. Qxb6 Qc8 17. Nxd6 exd6 18. Bxd6 Nfd7 19. Qb4 a5 20. Qa3 Bb3 21. Rd2 Re8 22. Bb5 Be6 23. Nd4 Ne4 24. Rdd1 {1-0 Pham Le Thao Nguyen (2395)-Dourerassou,J (2410) Titled Tue 16th Jan Late 2024 (8)}) 10. Na3 $146 ({RR} 10. a5 b5 11. axb6 Qxb6 12. Ra2 Bb7 13. Nbd2 Bd5 14. Nc4 Bxc4 15. Bxc4 d5 16. Bb3 c4 17. Ba4 Rec8 18. Ne5 Nxe5 19. dxe5 Nh5 20. Bh2 Bf8 21. Qxd5 e6 22. Qe4 Ng7 23. Bd1 Rab8 24. Be2 Qc6 {1-0 Giffard,N (2364)-Metral,J (2240) Metz op 18th 2000 (1)}) ({RR} 10. Bh2 d5 11. Nbd2 h6 12. b4 cxb4 13. cxb4 Ne4 14. Qc2 e5 15. dxe5 Nxe5 16. Nxe5 Bxe5 17. Bxe5 Rxe5 18. Nf3 Re7 19. Rfd1 Be6 20. Nd4 Rc8 21. Qb2 Rec7 22. Bd3 Qf6 23. Bxe4 dxe4 24. Rac1 Bc4 {½-½ Provoost,S (2240)-Oude Brunink,E (1735) Vlissingen HZ op 19th 2015 (4)}) ({RR} 10. Re1 Nf8 11. Nbd2 Ne6 12. Bg3 Bd7 13. Bc4 b5 14. Bb3 c4 15. Bc2 Nd5 16. e4 Ndc7 17. a5 Bh6 18. b3 cxb3 19. Bxb3 Bf4 20. Bxf4 Nxf4 21. Ng5 Nfe6 22. Ndf3 Nxg5 23. Nxg5 Ne6 24. f4 Nxg5 {1-0 Kaplan,R-Davidson,N Australian op-B 2000 (4)}) 10... cxd4 11. cxd4 Nf8 12. Rc1 Bd7 13. Qb3 Bc6 14. Rfd1 Qd7 15. Qa2 Bxa4 16. b3 Bc6 17. Nc4 Qd8 18. Na5 Bd5 19. Nd2 Ne6 20. Bh2 Rc8 21. Bc4 b5 22. Bxd5 Nxd5 23. Rxc8 Qxc8 24. Ra1 Qa8 25. Rc1 Rc8 26. Qb2 Nb4 27. Rc3 Nd5 28. Rc2 b4 29. Ndc4 Qb8 30. Bg3 Nc3 31. f3 Qb5 32. Qa1 d5 33. Ne5 Ne2+ 34. Rxe2 Qxe2 35. Nac6 Bf6 36. Bf2 Qb5 37. g4 Rxc6 38. Nxc6 Qxc6 39. Qa5 h6 40. Qxb4 Qc1+ 41. Kg2 Qc2 42. Kg1 Ng5 43. Qb8+ Kg7 44. Qg3 Qxb3 45. h4 Ne6 46. f4 Nxd4 47. exd4 Qxg3+ 48. Bxg3 Bxd4+ 49. Kg2 a5 50. Be1 a4 51. Bb4 e6 52. Ba3 Kf6 53. Kf3 h5 54. Bc1 Bc5 55. Bb2+ Ke7 56. g5 a3 57. Ba1 Kd6 58. Ke2 d4 59. Kd3 Kd5 60. Ke2 Ke4 61. Kd2 Bb4+ 0-1

[Event "Olympiad Women 2024"]
[Site "Budapest HUN"]
[Date "2024.09.21"]
[Round "10.57"]
[Board "2"]
[White "Raymundo, Deycy Daniela"]
[Black "Ntsielo, Bonolo"]
[Result "0-1"]
[WhiteElo "1728"]
[BlackElo "1757"]
[PlyCount "102"]
[EventDate "2024.09.11"]
[WhiteTeam "Guatemala"]
[BlackTeam "Lesotho"]
[WhiteTeamCountry "GUA"]
[BlackTeamCountry "LES"]

1. e4 e6 2. d4 d5 3. exd5 exd5 4. Bd3 Bd6 5. h3 Nf6 6. Nf3 O-O 7. O-O c6 8. Bg5 ({RR} 8. c3 h6 9. Re1 Re8 10. Nbd2 Nbd7 11. Nf1 Nf8 12. Rxe8 Qxe8 {½-½ Aveskulov,V (2544)-Ghaem Maghami,E (2599) WMSG Blitz Pair 1st 2008 (11)}) 8... h6 9. Bh4 Nbd7 ({RR} 9... Be6 10. Re1 Nbd7 11. Nbd2 Qc7 12. c4 Rfe8 13. c5 Bf4 14. Nf1 Qb8 15. b4 a5 16. b5 cxb5 17. Bxb5 Bc7 18. Bxf6 gxf6 19. Rxe6 fxe6 20. Bxd7 Re7 21. Ba4 Rg7 22. Ne3 Bf4 23. Ng4 Kf7 24. g3 {0-1 Hald Falkesgaard,J (2276)-Clarke,A (1919) Titled Tue 6th Aug Early 2024 (8)}) 10. Bg3 $146 ({RR} 10. Nbd2 g5 11. Bg3 Bxg3 12. fxg3 Qc7 13. g4 Re8 14. c4 Nf8 15. Qc2 dxc4 16. Nxc4 Ne6 17. Nfe5 Nf4 18. g3 Nxd3 19. Qxd3 Be6 20. Rxf6 Bxc4 21. Qxc4 Re7 22. Raf1 Rf8 23. Rxh6 Kg7 24. Rhf6 c5 {1-0 Ozdemir,S-La Rosa Sifonte,A Dos Hermanas Internet qual-B 10th blitz 2009 (10)}) ({RR} 10. Nbd2 Qc7 11. Re1 Re8 12. c3 Rxe1+ 13. Qxe1 g5 14. Bg3 Bxg3 15. fxg3 Qd6 16. Ne5 c5 17. Ndf3 Nf8 18. dxc5 Qxc5+ 19. Kh2 Be6 20. Nd4 Re8 21. Qf2 Ne4 22. Qf3 Qc7 23. Ng4 Bxg4 24. Qxg4 Ng6 {½-½ Tsukerman,J (1523)-Kazarian,A (2096) Speed Chess (Women) Q1 blitz 2020 (8)}) 10... Bxg3 11. fxg3 Ne4 12. g4 Ndf6 13. Nbd2 Re8 14. c3 Qb6 15. Qc2 Bd7 16. Rae1 Ng3 17. Rxe8+ Rxe8 18. Re1 Rxe1+ 19. Nxe1 Qc7 20. Ndf3 Nfe4 21. Ne5 Be8 22. Bxe4 Nxe4 23. N1f3 f6 24. Nd3 h5 25. gxh5 Bxh5 26. Nh2 Qg3 27. Nf1 Qd6 28. Qc1 g5 29. Qe3 Bg6 30. Nf2 Kf7 31. Nd2 Qg3 32. Qxg3 Nxg3 33. Ng4 Ke6 34. Kf2 Nf5 35. Nb3 b6 36. a3 Nd6 37. Nd2 a5 38. g3 Nf5 39. b4 axb4 40. axb4 Nd6 41. Ke3 Bf5 42. Nf2 Nb5 43. g4 Bg6 44. c4 Na3 45. cxd5+ Kxd5 46. Nde4 Nc2+ 47. Kf3 Nxd4+ 48. Ke3 Bxe4 49. Nxe4 Ke5 50. Nd2 Nc2+ 51. Kf3 b5 0-1

[Event "Olympiad Women 2024"]
[Site "Budapest HUN"]
[Date "2024.09.21"]
[Round "10.57"]
[Board "3"]
[White "lintle molise"]
[Black "Santiago Sontay, Jenny Fernanda"]
[Result "1/2-1/2"]
[WhiteElo "1583"]
[BlackElo "1773"]
[PlyCount "64"]
[EventDate "2024.09.11"]
[WhiteTeam "Lesotho"]
[BlackTeam "Guatemala"]
[WhiteTeamCountry "LES"]
[BlackTeamCountry "GUA"]

1. Nf3 g6 2. d4 Bg7 3. e3 c5 4. Be2 Nf6 5. b3 ({RR} 5. d5 e6 6. c4 O-O 7. O-O d6 8. Nc3 Re8 9. e4 exd5 10. exd5 Bf5 11. Bd3 Bg4 12. h3 Bxf3 13. Qxf3 Nbd7 14. Qd1 Nh5 15. Kh2 Be5+ 16. f4 Bxc3 17. bxc3 Qh4 18. Qf3 f5 19. Bd2 Ng7 {½-½ Fedoseev,V (2706)-Vidit,S (2707) Poikovsky Karpov 19th 2018 (9)}) 5... d6 $146 ({RR} 5... cxd4 6. exd4 O-O 7. Bb2 d5 8. O-O Nc6 9. Ne5 Ne4 10. Nd2 Nxe5 11. Nxe4 dxe4 12. dxe5 Qc7 13. Qd4 Bf5 14. c4 Rfd8 15. Qc3 a5 16. Rad1 h5 17. h3 h4 18. Rfe1 e6 19. Rxd8+ Rxd8 20. Rd1 {0-1 Moseamedi,E (1963)-Bhawoodien,M (1897) Pretoria FM-B 2012 (8)}) ({RR} 5... cxd4 6. exd4 d5 7. O-O O-O 8. Bb2 Nc6 9. Nbd2 Ne4 10. c4 Bf5 11. cxd5 Qxd5 12. Bc4 Qd6 13. Nxe4 Bxe4 14. Ng5 Bd5 15. Qd3 Bxc4 16. Qxc4 Rac8 17. Ne4 Qf4 18. Qd3 Rfd8 19. Rac1 Bxd4 20. Bxd4 {0-1 Abdykulov,A-Harutjunyan,G (2358) FIDE World Corporate GpB 2024 (3)}) ({RR} 5... b6 6. Bb2 O-O 7. O-O Bb7 8. Nbd2 d5 9. c4 cxd4 10. Nxd4 Nbd7 11. Rc1 Rc8 12. Rc2 a6 13. Qa1 dxc4 14. Rxc4 Bd5 15. Rxc8 Qxc8 16. Bf3 Qb7 17. Rc1 Nc5 18. Qb1 e5 19. Bxd5 Qxd5 20. N4f3 {0-1 Grekov,A-Yakimenko,V (1930) Malaya Zemlya op 2014 (8)}) ({RR} 5... O-O 6. O-O b6 7. Bb2 cxd4 8. exd4 Bb7 9. Re1 Nc6 10. Nbd2 Rc8 11. Ne5 Nxe5 12. dxe5 Nd5 13. Bf3 Qc7 14. c4 Nf4 15. Bxb7 Qxb7 16. Nf3 b5 17. Bc1 Ne6 18. cxb5 Qxb5 19. Bb2 Rfd8 20. Rc1 {0-1 Kannenberg,K (2211)-Achenbach,M (2124) GER-chA Seniors 26th 2014 (6)}) 6. Bb2 Nbd7 7. Nbd2 O-O 8. O-O b6 9. c4 e6 10. Re1 Bb7 11. Bf1 Ne4 12. Nxe4 Bxe4 13. Bd3 Bb7 14. e4 e5 15. d5 Qe7 16. Bc1 h6 17. Be3 Nf6 18. h3 Bc8 19. Qd2 Kh7 20. Rad1 Bd7 21. Nh4 Nh5 22. Nf3 Nf6 23. Nh4 Nh5 24. Nf3 Nf6 25. Bc2 Ng8 26. Qc1 Nf6 27. Nh4 Nh5 28. Nf3 Nf6 29. Nh2 Ng8 30. Nf3 Nf6 31. Nh2 Ng8 32. Nf3 Nf6 1/2-1/2

[Event "Olympiad Women 2024"]
[Site "Budapest HUN"]
[Date "2024.09.21"]
[Round "10.57"]
[Board "4"]
[White "Mazariegos, Silvia Carolina"]
[Black "Thetsane, Nteboheleng"]
[Result "1-0"]
[WhiteElo "1878"]
[BlackElo "1645"]
[PlyCount "91"]
[EventDate "2024.09.11"]
[WhiteTeam "Guatemala"]
[BlackTeam "Lesotho"]
[WhiteTeamCountry "GUA"]
[BlackTeamCountry "LES"]

1. e4 e6 2. d3 d5 3. Nd2 c5 4. Ngf3 Nc6 5. g3 Bd6 6. Bg2 Nf6 7. O-O O-O 8. Re1 Qc7 9. Qe2 dxe4 10. dxe4 e5 11. h3 ({RR} 11. c3 Re8 12. Nc4 Bf8 13. Bg5 Nd7 14. Ne3 Nb6 15. Nd5 Nxd5 16. exd5 Nb8 17. Nd2 Bd6 18. Ne4 Nd7 19. Qh5 Nf8 20. Nf6+ gxf6 21. Bxf6 Ng6 22. Rad1 Bf8 23. Re4 Qd6 24. Rh4 h6 25. Bg5 Nxh4 {0-1 Amin,B (2655)-Socko,B (2577) Titled Tuesday intern op 2nd Febr blitz 2016 (7)}) ({RR} 11. c3 b6 12. Nf1 h6 13. Nh4 Bg4 14. Bf3 Be6 15. Ne3 Ne7 16. Ng4 Nxg4 17. Bxg4 Qd7 18. Bxe6 Qxe6 19. Be3 Rad8 20. a4 Bc7 21. Qa6 Qc6 22. Qc4 Rd7 23. a5 Rfd8 24. axb6 axb6 25. Nf3 Nc8 {1-0 Gomez Arce,A (2074)-Iglesias Ferreira,A (2278) 35th Roquetas de Mar Open 2024 (6.21)}) 11... h6 12. c3 Nh7 $146 ({RR} 12... Be6 13. Nh4 Rfd8 14. Nf5 Bf8 15. Nf1 Ne7 16. g4 Nxf5 17. exf5 Bd5 18. Qxe5 Bd6 19. Qe2 Re8 20. Qd1 Rxe1 21. Qxe1 Bxg2 22. Kxg2 Qc6+ 23. f3 Re8 24. Be3 Nd5 25. Qf2 Nxe3+ 26. Nxe3 Qb5 27. Re1 {1-0 Ilhan,H (1750)-Karsligil,A (1400) TUR-chT 2nd League 2017 (9.6)}) 13. g4 Re8 14. Qd3 Nf8 15. Nc4 Be7 16. Ne3 Be6 17. Bf1 Ng6 18. Nd5 Qd7 19. Be3 Rad8 20. Rad1 Bf8 21. Qb5 Qc8 22. Nh2 b6 23. Qa4 Qb8 24. Bb5 Na5 25. Bxe8 Rxe8 26. c4 Nb7 27. f3 Nd6 28. Qc2 Qd8 29. Nf1 Qh4 30. Kg2 Rc8 31. b3 Re8 32. Ng3 Qd8 33. Qe2 Kh8 34. Nf5 Qb8 35. Nxd6 Bxd6 36. Qd2 Be7 37. Nxe7 Nxe7 38. Qd6 Qb7 39. Qxe5 Qa6 40. Bxh6 f6 41. Qxe6 gxh6 42. Qxf6+ Kg8 43. Rd7 Qxa2+ 44. Kg3 Qa5 45. Red1 Qc3 46. Qxc3 1-0

[Event "Olympiad Women 2024"]
[Site "Budapest HUN"]
[Date "2024.09.21"]
[Round "10.58"]
[Board "1"]
[White "Chuemsakul, Sarocha"]
[Black "Gertrude Banini"]
[Result "1-0"]
[WhiteElo "1906"]
[BlackElo "1712"]
[PlyCount "109"]
[EventDate "2024.09.11"]
[WhiteTeam "Thailand"]
[BlackTeam "Ghana"]
[WhiteTeamCountry "THA"]
[BlackTeamCountry "GHA"]

1. d4 d5 2. c4 c6 3. Nf3 Nf6 4. e3 a6 5. Nc3 Bf5 6. Ne5 Nbd7 7. Qb3 Qc7 8. cxd5 cxd5 9. Nxd5 Nxd5 10. Qxd5 Nxe5 11. Qxe5 Qxe5 12. dxe5 e6 13. Bd2 Rc8 14. Be2 $146 ({RR} 14. f3 Bc5 15. e4 Bg6 16. Bc3 O-O 17. Bd3 f5 18. exf6 gxf6 19. Ke2 Kf7 20. Rac1 Rfd8 21. Ba5 Re8 22. Rhd1 Bd4 23. Bc4 Bxb2 24. Rd7+ Kg8 25. Bxe6+ Kh8 26. Rxc8 Rxc8 27. Rxh7+ {1-0 Donchenko,A (2580)-Eden,J (2332) Vandoeuvre op 14th 2018 (2)}) 14... Be7 15. Bc3 h6 16. Bf3 Rc7 17. Rd1 O-O 18. O-O b6 19. Rd2 Rd8 20. Rxd8+ Bxd8 21. Rd1 Be7 22. h3 Bc2 23. Rd4 a5 24. Kh2 Bb1 25. a4 Bc2 26. Be2 Bc5 27. Rd8+ Kh7 28. Bb5 Be4 29. Kg3 Bc6 30. Bd3+ g6 31. Bc2 Be7 32. Rb8 Bc5 33. h4 Kg7 34. Bb3 Rd7 35. Rc8 Bb7 36. Rb8 Bc6 37. Bc2 Rb7 38. Rxb7 Bxb7 39. Bd4 Bxd4 40. exd4 h5 41. f3 Kf8 42. Kf4 Bd5 43. Be4 Bb3 44. Bc6 Kg7 45. Kg5 Bc2 46. g4 hxg4 47. fxg4 Bd1 48. h5 gxh5 49. gxh5 Bc2 50. h6+ Kh7 51. Be8 Bg6 52. Kf6 Kxh6 53. Bxf7 Bc2 54. Bxe6 Bxa4 55. Bf7 1-0

[Event "Olympiad Women 2024"]
[Site "Budapest HUN"]
[Date "2024.09.21"]
[Round "10.58"]
[Board "2"]
[White "Benson, Maud"]
[Black "Prommuang, Araya"]
[Result "0-1"]
[WhiteElo "1682"]
[BlackElo "1753"]
[PlyCount "72"]
[EventDate "2024.09.11"]
[WhiteTeam "Ghana"]
[BlackTeam "Thailand"]
[WhiteTeamCountry "GHA"]
[BlackTeamCountry "THA"]

1. d4 d5 2. c4 e6 3. g3 c6 4. Bg2 dxc4 5. Nf3 b5 6. a4 Bb7 7. O-O Nd7 8. Qc2 ({RR} 8. Nc3 a6 9. Ne5 Qc8 10. Bf4 Ngf6 11. e4 Bb4 12. g4 O-O 13. g5 Nxe5 14. Bxe5 Nd7 15. Bg3 Rd8 16. Qh5 g6 17. Qh4 Bf8 18. e5 b4 19. Ne4 c5 20. dxc5 Bxc5 21. Rac1 Bd5 22. Nd6 Bxd6 {0-1 Khalifman,A (2640)-Timofeev,A (2646) RUS-chT 13th 2006 (6)}) 8... Ngf6 9. b3 $146 ({RR} 9. e4 Be7 10. Nc3 a6 11. Ng5 h6 12. Nxe6 fxe6 13. e5 Nd5 14. Qg6+ Kf8 15. Nxd5 cxd5 16. Qxe6 Nb6 17. a5 Na4 18. Qf5+ Ke8 19. Bh3 Bc8 20. e6 Qd6 21. Qf7+ Kd8 22. Qxg7 Rf8 23. Qxh6 Kc7 {½-½ Arnav,M (2010)-Gusain,H (2408) Guwahati op 1st 2022 (10)}) ({RR} 9. Ne5 Nxe5 10. dxe5 Nd5 11. b3 cxb3 12. Qxb3 b4 13. Rd1 Qc7 14. Bb2 Ba6 15. e4 Nb6 16. Nd2 Be7 17. a5 Nd7 18. Bf1 Bxf1 19. Kxf1 O-O 20. f4 Qb7 21. Qc4 Rfd8 22. Nb3 Rac8 23. Bd4 c5 {½-½ Begmuratov,K (2416)-Anton Guijarro,D (2669) Titled Tue 2nd Jul Early 2024 (8)}) ({RR} 9. e4 Be7 10. Rd1 a6 11. Nc3 h6 12. Bf4 Qc8 13. h3 O-O 14. g4 b4 15. Ne2 c5 16. e5 Ne4 17. dxc5 Bd5 18. Nd2 b3 19. Qc1 Ndxc5 20. Nxc4 Rb8 21. a5 Nd7 22. Ne3 Rb5 23. Qxc8 {1-0 Coellen,E (1999)-Migl,D (2163) Murrhard Wuerttemberg op 2021 (6)}) 9... cxb3 10. Qxb3 a6 11. Nc3 Be7 12. Ne5 Nxe5 13. dxe5 Nd7 14. Rd1 Qc8 15. f4 O-O 16. Ne4 Nc5 17. Nxc5 Bxc5+ 18. e3 b4 19. a5 Be7 20. Bb2 c5 21. Qc4 Bxg2 22. Kxg2 Qc6+ 23. e4 Rfd8 24. Kf3 Qb5 25. Qxb5 axb5 26. Rxd8+ Bxd8 27. a6 Bb6 28. Ke2 c4 29. Bc1 b3 30. Be3 Bxe3 31. Kxe3 b2 32. Rb1 c3 33. Kd3 b4 34. Kc2 Rxa6 35. f5 Ra1 36. fxe6 fxe6 0-1